000
00282nam a2200109Ia 4500
008
220204s9999 xx 000 0 und d
082
_a
631/635
_b
ADv.72
100
_a
Sparks, Donald L
245
0
_a
Advances in agronomy V.72
260
_a
San Diego
_b
Academic Press
_c
2001
942
_c
BK
999
_c
41849
_d
41849